书目信息 |
| 题名: |
中国人口地理
|
|
| 作者: | 张善余 著 | |
| 分册: | ||
| 出版信息: | 北京 科学出版社 2003 |
|
| 页数: | 431页 | |
| 开本: | 26cm | |
| 丛书名: | 中国人文地理丛书 | |
| 单 册: | ||
| 中图分类: | C922.2 | |
| 科图分类: | ||
| 主题词: | 人口地理--中国 , 人口地理 | |
| 电子资源: | ||
| ISBN: | 7-03-012170-8 | |
| 000 | 00954oam2 2200277 450 | |
| 001 | 002480404 | |
| 005 | 20070805080820.79 | |
| 010 | @a7-03-012170-8@b精装@dCNY70.00 | |
| 100 | @a20031021e20072003em y0chiy0110 ea | |
| 101 | 0 | @achi |
| 102 | @aCN@b110000 | |
| 105 | @ay z 000yy | |
| 106 | @ar | |
| 200 | 1 | @a中国人口地理@Azhong guo ren kou di li@f张善余著@Fzhang shan yu zhu |
| 210 | @a北京@c科学出版社@d2003@h2007重印 | |
| 215 | @a431页@c地图@d26cm | |
| 225 | 2 | @a中国人文地理丛书@Azhong guo ren wen di li cong shu |
| 300 | @a中国科学院科学出版基金资助出版 | |
| 330 | @a全书阐述了中国人口的发展特点、历史过程、种族与民族、人口再生产、人口结构、人口素质、人口分布、城市人口、人口迁移与流动等内容。 | |
| 461 | 0 | @1001012001022741@12001 @a中国人文地理丛书 |
| 606 | 0 | @a人口地理@y中国 |
| 606 | 0 | @a人口地理 |
| 690 | @aC922.2@v4 | |
| 701 | 0 | @a张善余@Azhang shan yu@c(人文地理学)@4著 |
| 801 | 0 | @aCN@bNLC@c20070805 |
| 905 | @dC922.2@e70@f1 | |
| 中国人口地理/张善余著.-北京:科学出版社,2003(2007重印) |
| 431页:地图;26cm.-(中国人文地理丛书) |
| 中国科学院科学出版基金资助出版 |
| ISBN 7-03-012170-8(精装):CNY70.00 |
| 全书阐述了中国人口的发展特点、历史过程、种族与民族、人口再生产、人口结构、人口素质、人口分布、城市人口、人口迁移与流动等内容。 |
| ● |
| 相关链接 |
|
|
|
|
正题名:中国人口地理
索取号:C922.2/70
 
预约/预借
| 序号 | 登录号 | 条形码 | 馆藏地/架位号 | 状态 | 备注 |
| 1 | 0851948 | 208519487 | 第一样本阅览室/ [索取号:C922.2/70] | 在馆 |